Критика буржуазных концепций художественного творчества: учебное пособие

Dades bibliogràfiques
Autor principal: Афасижев М. Н. Марат Нурбиевич
Idioma:rus
Publicat: Москва, Высшая школа, 1984
Matèries:
Format: Llibre
KOHA link:https://koha.lib.tpu.ru/cgi-bin/koha/opac-detail.pl?biblionumber=296114

MARC

LEADER 00000nam0a2200000 4500
001 296114
005 20231102000856.0
020 |a RU  |b 84-32086 
035 |a (RuTPU)RU\TPU\book\321208 
090 |a 296114 
100 |a 20150528d1984 m y0rusy5003 ca 
101 0 |a rus 
102 |a RU 
105 |a y z 001zc 
200 1 |a Критика буржуазных концепций художественного творчества  |e учебное пособие  |f М. Н. Афасижев 
210 |a Москва  |c Высшая школа  |d 1984 
215 |a 127 с. 
320 |a Библиография в ссылках. 
600 1 |a Кант  |b И.  |c родоначальник немецкой классической философии  |f 1724-1804  |g Иммануил  |2 stltpush  |3 (RuTPU)RU\TPU\pers\208  |9 105 
600 1 |a Шиллер  |b И. Ф.  |c немецкий поэт и драматург  |f 1759-1805  |g Иоганн Фридрих  |2 stltpush  |3 (RuTPU)RU\TPU\pers\10144  |9 2193 
600 1 |a Шеллинг  |g Фридрих Вильгельм  |b Ф. В.  |c немецкий философ  |f 1775-1854  |2 stltpush  |3 (RuTPU)RU\TPU\pers\882 
600 1 |a Гегель  |g Георг Вильгельм Фридрих  |b Г. В. Ф.  |c немецкий философ  |f 1770-1831  |2 stltpush  |3 (RuTPU)RU\TPU\pers\947 
600 1 |a Шопенгауэр  |b А.  |c немецкий философ  |f 1788-1860  |g Артур  |2 stltpush  |3 (RuTPU)RU\TPU\pers\470  |9 227 
600 1 |a Фрейд  |g Зигмунд  |b З.  |f 1856-1939  |c австрийский врач-психиатр  |c психолог  |c основатель психоанализа  |2 stltpush  |3 (RuTPU)RU\TPU\pers\479 
600 1 |a Сартр  |g Жан Поль  |b Ж. П.  |c французский писатель  |c философ  |c публицист  |f 1905-1980  |2 stltpush  |3 (RuTPU)RU\TPU\pers\1274 
606 1 |a Художественное творчество  |2 stltpush  |3 (RuTPU)RU\TPU\subj\64402  |9 81300 
610 1 |a буржуазные теории 
610 1 |a критика 
610 1 |a классическая немецкая философия 
610 1 |a волюнтаризм 
610 1 |a интуитивизм 
610 1 |a детерминация 
610 1 |a психоанализ 
610 1 |a экзистенциализм 
610 1 |a учебные пособия 
675 |a 7.072(075.8)  |z rus  |v 3 
700 1 |a Афасижев  |b М. Н.  |g Марат Нурбиевич  |4 070 
801 0 |a RU  |b RuMRKP  |c 19950704  |g psbo 
801 1 |a RU  |b 63413507  |c 20150528 
801 2 |a RU  |b 63413507  |c 20180523  |g RCR 
942 |c BK